Business Etiquette (Record no. 6934)

MARC details
000 -LEADER
fixed length control field 00378nam a2200157Ia 4500
008 - FIXED-LENGTH DATA ELEMENTS--GENERAL INFORMATION
fixed length control field 230312s9999||||xx |||||||||||||| ||und||
020 ## - INTERNATIONAL STANDARD BOOK NUMBER
International Standard Book Number 0-7645-5282-1
082 ## - DEWEY DECIMAL CLASSIFICATION NUMBER
Classification number 395.52
Item number FOX-B
100 ## - MAIN ENTRY--PERSONAL NAME
Personal name Fox;Sue
245 #0 - TITLE STATEMENT
Title Business Etiquette
260 ## - PUBLICATION, DISTRIBUTION, ETC.
Name of publisher, distributor, etc. Wilet Publishing Inc
Place of publication, distribution, etc. UK
Date of publication, distribution, etc. 2001
300 ## - PHYSICAL DESCRIPTION
Extent 336
546 ## - LANGUAGE NOTE
Language note Eng.
650 ## - SUBJECT ADDED ENTRY--TOPICAL TERM
Topical term or geographic name entry element Economics
Form subdivision Business Etiquette
942 ## - ADDED ENTRY ELEMENTS (KOHA)
Koha item type BOOK
Holdings
Withdrawn status Lost status Source of classification or shelving scheme Damaged status Not for loan Home library Current library Date acquired Total Checkouts Full call number Barcode Date last seen Price effective from Koha item type
    Dewey Decimal Classification     Superior Information Resource Center (SIRC) Superior University- Gold Campus Superior Information Resource Center (SIRC) Superior University- Gold Campus 03/13/2023   395.52 FOX-B 7039 03/13/2023 03/13/2023 BOOK

Powered by Koha